Pokemon by type - Statistics

General Stats
  • This quiz has been taken 22 times
  • The average score is 97 of 161
Answer Stats
Type Answer % Correct
Fire only Charmander | Charmeleon | Vulpix | Ninetales | Growlithe | Arcanine | Ponyta | Rapidash | Magmar | Flareon | Cyndaquil | Quilava | Typhlosion | Slugma | Magby | Entei | Torchic | Torkoal | Castform | Chimchar | Magmortar | Tepig | Pansear | Simisear | Darumaka | Darmanitan | Heatmor | Fennekin | Braixen | Litten | Torracat | Scorbunny | Raboot | Cinderace | Fuecoco | Crocalor | Charcadet
100%
Normal only Rattata | Raticate | Meowth | Persian | Lickitung | Chansey | Kangaskhan | Tauros | Ditto | Eevee | Porygon | Snorlax | Sentret | Furret | Aipom | Dunsparce | Teddiursa | Ursaring | Porygon2 | Stantler | Smeargle | Miltank | Blissey | Zigzagoon | Linoone | Slakoth | Vigoroth | Slaking | Whimsur | Loudred | Exploud | Skitty | Delcatty | Spinda | Zangoose | Castform | Kecleon | Bidoof | Ambipom | Buneary | Lopunny | Glameow | Purugly | Happiny | Munchlax | Lickilicky | Porygon-Z | Regigigas | Arceus | Patrat | Watchog | Lillipup | Herdier | Stoutland | Audino | Minccino | Cinccino | Bouffalant | Bunnelby | Furfrou | Yungoos | Gumshoos | Type: Null | Silvally | Komala | Skwovet | Greedent | Wooloo | Dubwool | Lechonk | Oinkologne | Tandemaus | Maushold | Dudunsparce | Terapagos
100%
Fire/Flying Charizard | Moltres | Ho-oh | Fletchinder | Talonflame | Oricorio
87%
Water/Electric Chinchou | Lanturn | Rotom
87%
Water/Ice Dewgong | Cloyster | Lapras | Spheal | Sealeo | Walrein | Arctovish | Iron Bundle
87%
Poison only Ekans | Arbok | Nidoran | Nidorina | Nidorino | Grimer | Muk | Koffing | Weezing | Gulpin | Swalot | Seviper | Trubbish | Garbodor | Poipole
87%
Normal/Flying Pidgey | Pidgeotto | Pidgeot | Spearow | Fearow | Farfetch'd | Doduo | Dodrio | Hoothoot | Noctowl | Taillow | Swellow | Swablu | Starly | Staravia | Staraptor | Chatot | Pidove | Tranquill | Unfezant | Rufflet | Braviary | Fletchling | Pikipek | Trumbeak | Toucannon | Squawkabilly
87%
Electric only Pikachu | Raichu | Voltorb | Electrode | Electabuzz | Jolteon | Pichu | Mareep | Flaaffy | Ampharos | Elekid | Raikou | Electrike | Manectric | Plusle | Minun | Shinx | Luxio | Luxray | Pachirisu | Electivire | Blitzle | Zebstrika | Tynamo | Eelektrik | Eelektross | Xurkitree | Zeraora | Yamper | Boltund | Pincurchin | Regieleki | Pawmi | Tadbulb | Bellibolt
87%
Fire/Fighting Tauros | Combusken | Blaziken | Monferno | Infernape | Pignite | Emboar
87%
Poison/Bug Weedle | Kakuna | Beedrill | Venonat | Venomoth | Spinarak | Ariados | Dustox | Skorupi | Venipede | Whirlipede | Scolipede
87%
Psychic only Abra | Kadabra | Alakazam | Ponyta | Slowpoke | Drowzee | Hypno | Mewtwo | Mew | Espeon | Unown | Wobbuffet | Spoink | Grumpig | Chimecho | Wynaut | Deoxys | Chingling | Uxie | Mesprit | Azelf | Cresselia | Munna | Musharna | Gothita | Gothorita | Gothitelle | Solosis | Duosion | Reuniclus | Elgyem | Beheeyem | Espurr | Meowstic | Cosmog | Cosmoem | Necrozma | Hatenna | Hattrem | Flittle | Espathra
80%
Ice/Flying Articuno | Delibird
80%
Grass/Poison Bulbasaur | Ivysaur | Venusaur | Oddish | Gloom | Vileplume | Bellsprout | Weepinbell | Victreebel | Roselia | Budew | Roserade | Foongus | Amoonguss
80%
Flying/Bug Butterfree | Scyther | Ledyba | Ledian | Yanma | Beautifly | Masquerain | Ninjask | Mothim | Combee | Vespiquen | Yanmega | Vivillon
80%
Bug only Caterpie | Metapod | Pinsir | Pineco | Wurmple | Silcoon | Cascoon | Volbeat | Illumise | Kricketot | Kricketune | Burmy | Karrablast | Shelmet | Accelgor | Scatterbug | Spewpa | Grubbin | Blipbug | Tarountula | Spidops | Nymble | Rellor
80%
Flying/Dragon Dragonite | Altaria | Salamence | Rayquaza | Noibat | Noivern
80%
Ground/Rock Geodude | Graveler | Golem | Onix | Rhyhorn | Rhydon | Larvitar | Pupitar | Rhyperior
80%
Water/Flying Gyarados | Mantine | Wingull | Pelipper | Mantyke | Ducklett | Swanna | Cramorant
80%
Normal/Fairy Jigglypuff | Wigglytuff | Igglybuff | Azurill
80%
Fire/Bug Larvesta | Volcarona | Sizzlipede | Centiskorch
80%
Fighting only Mankey | Primeape | Machop | Machoke | Machamp | Farfetch'd | Hitmonlee | Hitmonchan | Tauros | Tyrogue | Hitmontop | Makuhita | Hariyama | Riolu | Timburr | Gurdurr | Conkeldurr | Throh | Sawk | Mienfoo | Mienshao | Pancham | Crabrawler | Passimian | Clobbopus | Grapploct | Sirfetch'd | Falinks | Zamazenta | Kubfu
80%
Water/Rock Omanyte | Omastar | Kabuto | Kabutops | Corsola | Relicanth | Tirtouga | Carracosta | Binacle | Barbaracle | Drednaw
80%
Water/Fighting Poliwrath | Tauros | Keldeo | Urshifu | Quaquaval
80%
Water only Squirtle | Wartortle | Blastoise | Psyduck | Golduck | Poliwag | Poliwhirl | Seel | Shellder | Krabby | Kingler | Horsea | Seadra | Goldeen | Seaking | Staryu | Magikarp | Vaporeon | Totodile | Croconaw | Feraligatr | Politoed | Remoraid | Octillery | Suicune | Mudkip | Wailmer | Wailord | Corphish | Feebas | Milotic | Castform | Clamperl | Huntail | Gorebyss | Luvdisc | Kyogre | Piplup | Prinplup | Buizel | Floatzel | Shellos | Finneon | Lumineon | Phione | Manaphy | Oshawott | Dewott | Samurott | Panpour | Simipour | Tympole | Basculin | Alomomola | Froakie | Frogadier | Clauncher | Clawitzer | Popplio | Brionne | Wishiwashi | Pyukumuku | Sobble | Drizzile | Inteleon | Chewtle | Arrokuda | Barraskewda | Quaxly | Quaxwell | Wiglett | Wugtrio | Finizen | Palafin | Dondozo
80%
Grass only Tangela | Chikorita | Bayleef | Meganium | Bellossom | Sunkern | Sunflora | Treecko | Grovyle | Sceptile | Seedot | Shroomish | Cacnea | Turtwig | Grotle | Cherubi | Cherrim | Carnivine | Tangrowth | Leafeon | Shaymin | Snivy | Servine | Serperior | Pansage | Simisage | Petilil | Lilligant | Maractus | Chespin | Quilladin | Skiddo | Gogoat | Fomantis | Lurantis | Bounsweet | Steenee | Tsareena | Grookey | Thwackey | Rillaboom | Gossifleur | Eldegoss | Sprigatito | Floragato | Capsakid | Ogerpon
80%
Water/Poison Tentacool | Tentacruel | Qwilfish | Skrelp | Mareanie | Toxapex
80%
Dragon only Dratini | Dragonair | Bagon | Shelgon | Axew | Fraxure | Haxorus | Druddigon | Goomy | Sliggoo | Goodra | Jangmo-o | Regidrago
73%
Poison/Ghost Gastly | Haunter | Gengar | Pecharunt
73%
Electric/Bug Joltik | Galvantula | Charjabug | Vikavolt
73%
Water/Grass Lotad | Lombre | Ludicolo | Ogerpon
73%
Steel only Meowth | Registeel | Klink | Klang | Klinklang | Meltan | Melmetal | Perrserker | Cufant | Copperajah | Orthworm
73%
Ground only Sandshrew | Sandslash | Diglett | Dugtrio | Cubone | Marowak | Phanpy | Donphan | Trapinch | Groudon | Hippopotas | Hippowdon | Drilbur | Mudbray | Mudsdale | Silicobra | Sandaconda
73%
Ice only Vulpix | Castform | Snorunt | Glalie | Regice | Glaceon | Darumaka | Darmanitan | Vanillite | Vanillish | Vanilluxe | Cubchoo | Beartic | Cryogonal | Bergmite | Avalugg | Eiscue | Glastrier | Cetoddle | Cetitan
73%
Electric/Flying Zapdos | Emolga | Thundurus | Oricorio | Wattrel | Kilowattrel
73%
Flying/Psychic Articuno | Natu | Xatu | Lugia | Woobat | Swoobat | Sigilyph | Braviary | Oricorio
67%
Grass/Fighting Breloom | Lilligant | Virizion | Chesnaught | Decidueye
67%
Fairy only Clefairy | Clefable | Cleffa | Togepi | Snubbull | Granbull | Flabebe | Floette | Florges | Spritzee | Aromatisse | Swirlix | Slurpuff | Sylveon | Xerneas | Comfey | Milcery | Alcremie | Zacian | Fidough | Dachsbun
67%
Water/Ghost Frillish | Jellicent | Basculegion
67%
Ice/Ghost Froslass
67%
Fighting/Bug Heracross | Buzzwole | Pheromosa | Slither Wing
67%
Grass/Flying Hoppip | Skiploom | Jumpluff | Tropius | Shaymin | Rowlet | Dartrix
67%
Water/Dragon Kingdra | Palkia | Dracovish | Tatsugiri | Walking Wake
67%
Water/Fairy Marill | Azumarill | Primarina | Tapu Fini
67%
Fire/Ghost Marowak | Typhlosion | Litwick | Lampent | Chandelure | Blacephalon | Skeledirge | Ceruledge
67%
Fighting/Psychic Meditite | Medicham | Gallade
67%
Dark only Meowth | Persian | Umbreon | Poochyena | Mightyena | Absol | Darkrai | Purrloin | Liepard | Zorua | Zoroark | Nickit | Thievul | Maschiff | Mabosstiff
67%
Flying/Dark Moltres | Murkrow | Honchkrow | Vullaby | Mandibuzz | Yveltal | Bombirdier | Iron Jugulis
67%
Ice/Psychic Mr Mime | Jynx | Smoochum | Mr Rime | Calyrex
67%
Poison/Ground Nidoqueen | Nidoking | Wooper | Clodsire
67%
Grass/Dark Nuzleaf | Shiftry | Cacturne | Zarude | Meowscarada | Brute Bonnet | Wo-Chien
67%
Water/Psychic Slowpoke | Slowbro | Starmie | Slowking | Bruxish | Veluza
67%
Fighting/Poison Sneasel | Croagunk | Toxicroak | Sneasler | Okidogi
67%
Ice/Bug Snom | Frosmoth
67%
Water/Bug Surskit | Dewpider | Araquanid | Wimpod | Golisopod
67%
Fire/Water Volcanion
67%
Water/Ground Wooper | Quagsire | Marshtomp | Swampert | Barboach | Whiscash | Gastrodon | Palpitoad | Seismitoad
67%
Normal/Water Bibarel
60%
Water/Dark Carvanha | Sharpedo | Crawdaunt | Samurott | Greninja
60%
Ice/Fighting Crabominable
60%
Normal/Grass Deerling | Sawsbuck | Smoliv | Dolliv | Arboliva
60%
Normal/Ground Diggersby | Ursaluna
60%
Normal/Dragon Drampa | Cyclizar
60%
Grass/Dragon Exeggutor | Applin | Flapple | Appletun | Dipplin | Hydrapple
60%
Bug/Steel Forretress | Scizor | Wormadam | Escavalier | Durant | Genesect
60%
Fire/Steel Heatran
60%
Normal/Electric Helioptile | Heliolisk
60%
Fire/Dark Houndour | Houndoom | Incineroar | Chi-Yu
60%
Grass/Rock Lileep | Cradily | Ogerpon
60%
Normal/Fire Litleo | Pyroar
60%
Normal/Fighting Meloetta | Stufful | Bewear
60%
Ghost only Misdreavus | Corsola | Shuppet | Banette | Duskull | Dusclops | Mismagius | Dusknoir | Yamask | Cofagrigus | Sinistea | Polteageist | Cursola | Spectrier | Greavard | Houndstone | Gimmighoul
60%
Ground/Bug Nincada | Wormadam
60%
Fire/Ground Numel | Camerupt
60%
Grass/Bug Paras | Parasect | Wormadam | Sewaddle | Swadloon | Leavanny
60%
Grass/Ghost Phantump | Trevenant | Pumpkaboo | Gourgeist | Decidueye | Dhelmise | Bramblin | Brambleghast | Poltchageist | Sinistcha
60%
Electric/Ghost Rotom
60%
Fire/Poison Salandit | Salazzle | Iron Moth
60%
Fighting/Dark Scraggy | Scrafty | Pangoro | Urshifu
60%
Ice/Dark Sneasel | Weavile | Chien-Pao
60%
Grass/Ice Snover | Abomasnow
60%
Electric/Ground Stunfisk | Sandy Shocks
60%
Rock only Sudowoodo | Nosepass | Regirock | Cranidos | Rampardos | Bonsly | Roggenrola | Boldore | Gigalith | Rockruff | Lycanroc | Rolycoly | Stonjourner | Nacli | Naclstack | Garganacl | Klawf
60%
Flying only Tornadus | Rookidee | Corvisquire
60%
Electric/Poison Toxel | Toxtricity
60%
Ground/Dragon Vibrava | Flygon | Gible | Gabite | Garchomp | Zygarde
60%
Fire/Psychic Victini | Darmanitan | Delphox | Armarouge
60%
Electric/Grass Voltorb | Electrode | Rotom
60%
Ground/Ghost Yamask | Golett | Golurk | Sandygast | Palossand | Runerigus
60%
Fighting/Flying Zapdos | Hawlucha | Flamigo
60%
Electric/Dragon Zekrom | Dracozolt | Miraidon | Raging Bolt
60%
Poison/Flying Zubat | Golbat | Crobat
60%
Flying/Rock Aerodactyl | Archen | Archeops | Minior
53%
Ground/Psychic Baltoy | Claydol
53%
Psychic/Steel Beldum | Metang | Metagross | Jirachi | Bronzor | Bronzong | Solgaleo | Necrozma | Iron Crown
53%
Grass/Fairy Cottonee | Whimsicott | Morelull | Shiinotic | Tapu Bulu
53%
Electric/Fairy Dedenne | Tapu Koko
53%
Dragon/Steel Dialga | Sliggoo | Goodra | Duraludon | Archaludon
53%
Poison/Dragon Dragalge | Naganadel | Eternatus
53%
Water/Steel Empoleon
53%
Grass/Psychic Exeggcute | Exeggutor | Celebi | Calyrex | Iron Leaves
53%
Normal/Psychic Girafarig | Meloetta | Oranguru | Indeedee | Wyrdeer | Farigiraf
53%
Ghost/Dragon Giratina | Dreepy | Drakloak | Dragapult
53%
Poison/Dark Grimer | Muk | Qwilfish | Stunky | Skuntank | Drapion | Overqwil
53%
Fire/Rock Growlithe | Arcanine | Magcargo | Carkol | Coalossal
53%
Fighting/Dragon Hakamo-o | Kommo-o | Koraidon
53%
Dark/Fairy Impidimp | Morgrem | Grimmsnarl
53%
Psychic/Dark Inkay | Malamar | Hoopa
53%
Fighting/Steel Lucario | Cobalion | Zamazenta
53%
Electric/Steel Magnemite | Magneton | Magnezone | Togedemaru
53%
Fighting/Ghost Marshadow | Annihilape
53%
Steel/Fairy Mawile | Klefki | Magearna | Zacian | Tinkatink | Tinkatuff | Tinkaton
53%
Electric/Dark Morpeko
53%
Psychic/Fairy Rapidash | Mr Mime | Ralts | Kirlia | Gardevoir | Mime Jr | Tapu Lele | Hatterene | Scream Tail
53%
Normal/Dark Rattata | Raticate | Zigzagoon | Linoone | Obstagoon
53%
Fire/Dragon Reshiram | Turtonator | Gouging Fire
53%
Fire/Electric Rotom
53%
Electric/Ice Rotom | Arctozolt
53%
Ice/Steel Sandshrew | Sandslash
53%
Fire/Grass Scovillain | Ogerpon
53%
Ice/Ground Swinub | Piloswine | Mamoswine
53%
Fighting/Rock Terrakion
53%
Flying/Fairy Togetic | Togekiss | Enamorus
53%
Grass/Ground Torterra | Toedscool | Toedscruel
53%
Normal/Ghost Zorua | Zoroark
53%
Ice/Rock Amaura | Aurorus | Avalugg
47%
Rock/Steel Aron | Lairon | Aggron | Shieldon | Bastiodon | Probopass | Stakataka
47%
Bug/Fairy Cutiefly | Ribombee
47%
Dragon/Dark Deino | Zweilous | Hydreigon | Guzzlord | Roaring Moon
47%
Ground/Steel Diglett | Dugtrio | Steelix | Excadrill | Stunfisk | Iron Treads
47%
Psychic/Bug Dottler | Orbeetle | Rabsca
47%
Flying/Ghost Drifloon | Drifblim | Oricorio
47%
Grass/Steel Ferroseed | Ferrothorn | Kartana
47%
Ground/Flying Gligar | Gliscor | Landorus
47%
Ghost/Steel Honedge | Doublade | Aegislash | Gholdengo
47%
Psychic/Ghost Hoopa | Lunala | Necrozma | Calyrex
47%
Ice/Dragon Kyurem | Frigibax | Arctibax | Baxcalibur
47%
Bug/Dark Lokix
47%
Ghost/Fairy Mimikyu | Flutter Mane
47%
Ice/Fairy Ninetales
47%
Electric/Fighting Pawmo | Pawmot | Iron Hands
47%
Dark/Steel Pawniard | Bisharp | Kingambit
47%
Electric/Psychic Raichu
47%
Ghost/Dark Sableye | Spiritomb
47%
Bug/Rock Shuckle | Anorith | Armaldo | Dwebble | Crustle | Kleavor
47%
Flying/Steel Skarmory | Celesteela | Corviknight
47%
Poison/Steel Varoom | Revavroom
47%
Rock/Fairy Carbink | Diancie
40%
Fire/Ice Darmanitan
40%
Electric/Rock Geodude | Graveler | Golem | Iron Thorns
40%
Fighting/Fairy Iron Valiant
40%
Psychic/Dragon Latias | Latios | Necrozma
40%
Psychic/Rock Lunatone | Solrock | Iron Boulder
40%
Poison/Rock Nihilego | Glimmet | Glimmora
40%
Bug/Ghost Shedinja
40%
Poison/Psychic Slowbro | Slowking | Munkidori
40%
Fighting/Ground Great Tusk
33%
Ground/Dark Sandile | Krokorok | Krookodile | Ting-Lu
33%
Normal/Poison Shroodle | Grafaiai
33%
Rock/Dark Tyranitar
33%
Rock/Dragon Tyrunt | Tyrantrum
33%
Poison/Fairy Weezing | Fezandipiti
33%
No matching quizzes found
Score Distribution
Percent of People with Each Score
Percentile by Number Answered
Your Score History
You have not taken this quiz